000 00911nmc a2200361 a 4500
003 AR-BaBNM
005 20251128204519.0
008 275019s1989 ||||||||||||||000 | spa||
020 _a950-557-052-X
040 _cAR-BaBNM
100 1 _aChilde, V. Gordon
_d1892-1957
245 1 0 _aLos orígenes de la civilización
250 _a1ª ed.
260 _aBuenos Aires
_bFondo de Cultura Económica
_bEdiciones Nuevo País
_c1989
300 0 _a291 p.
_bil.
490 0 _aBiblioteca actual
650 4 _aPREHISTORIA
650 4 _aCIVILIZACION
650 4 _aCULTURA
650 4 _aEVOLUCION
650 4 _aPROGRESO
650 4 _aHISTORIA NATURAL
650 4 _aURBANIZACION
650 4 _aRELIGION
650 4 _aHISTORIA ANTIGUA
651 4 _aEgipto
651 4 _aAsia
651 4 _aOriente
651 4 _aMesopotamia
700 1 _aGortari, Eli de
_etraductor
942 _cBK
998 _cMarce
999 _c7730
_d7730